GPS Principles and Applications/by A. Ganesh and Narayankumar (Record no. 50302)

MARC details
000 -LEADER
fixed length control field 00374nam a22001337a 4500
003 - CONTROL NUMBER IDENTIFIER
control field OSt
008 - FIXED-LENGTH DATA ELEMENTS--GENERAL INFORMATION
fixed length control field 260429b |||||||| |||| 00| 0 eng d
020 ## - INTERNATIONAL STANDARD BOOK NUMBER
International Standard Book Number 9788189304164
082 ## - DEWEY DECIMAL CLASSIFICATION NUMBER
Classification number 910.285
Item number G19G
245 ## - TITLE STATEMENT
Title GPS Principles and Applications/by A. Ganesh and Narayankumar
650 ## - SUBJECT ADDED ENTRY--TOPICAL TERM
Topical term or geographic name as entry element History & Geography | GPSl Geoinformatics
700 ## - ADDED ENTRY--PERSONAL NAME
Personal name Narayankumar
942 ## - ADDED ENTRY ELEMENTS (KOHA)
Source of classification or shelving scheme
Koha item type Books
Holdings
Withdrawn status Lost status Source of classification or shelving scheme Damaged status Not for loan Home library Current library Shelving location Date acquired Source of acquisition Total Checkouts Full call number Barcode Date last seen Bill Date Koha item type Bill Number
          Dr. Rajendra Prasad Central Agricultural University Pusa, Dr. Rajendra Prasad Central Agricultural University Pusa, General Stacks 29/04/2026 International Books and Periodicals Supply Services   910.285 G19G 87060 29/04/2026 22/01/2026 Books Invoice No. IBPS/021/2025-26
Hosted, Implemented, Customized & Maintained by: BestBookBuddies

Powered by Koha